Le 11 type de la CDM 2010 - Statistiques

Statistiques générales
  • Ce quiz a été pris 408 fois
  • Le résultat moyen est 8 sur 11
Statistiques - réponses
Nationalité : Poste : Joueur : % Correct
Espagne MC Xavi
97%
Espagne G Casillas
96%
Espagne MC Iniesta
96%
Espagne DC Ramos
89%
Allemagne DD Lahm
87%
Espagne DC Puyol
87%
Uruguay BU Forlan
83%
Espagne BU Villa
83%
Pays-Bas MOC Sneijder
65%
Allemagne MOC Schweinsteiger
24%
Brésil DG/DD Maicon Douglas
2%
Aucun quiz correspondant
Distribution des résultats
% des personnes avec chaque résultat
Percentile par nombre de réponses
Votre historique - résultats
Vous n’avez pas pris ce quiz